Open Data Biblioteca Nacional de Portugal


República Portuguesa: Ministério da Cultura
Biblioteca Nacional de Portugal

Catálogo da BNP: acesso por Identificadores Unívocos
Registos Bibliográficos associados ao registo de autoridade

Etiqueta de registo: 00254nam 2200025 450
001 2132498
003 http://id.bnportugal.gov.pt/bib/catbnp/2132498
010 ## $a978-989-8976-20-8
021 ## $aPT$b511700/23
100 ## $a20230524d2023 m y0pory01030103ba
101 1# $apor$cspa
102 ## $aPT
105 ## $ay g 000yy
106 ## $ar
200 1# $a Uma decisão original$eguia para o casamento pela igreja$fNicolás Álvarez de las Asturias, Lucas Buch, María Álvarez de las Asturias$gtrad. Maria José Figueiredo
205 ## $a1ª ed
210 #9 $aCascais$cLucerna,$d2023
215 ## $a125 p.$d23 cm
304 ## $aTít. orig.: Una decisión original - Guía para casarse por la iglesia
675 ## $a272-55(035)$vBN$zpor$31253547
675 ## $a173.1(035)$vBN$zpor$31513102
700 #1 $aÁlvarez de las Asturias,$bNicolás,$f1972-$31883062
701 #1 $aBuch,$bLucas,$f1984-$4070$31883064
702 #1 $aÁlvarez de las Asturias,$bMaría$4070$31883068
702 #1 $aFigueiredo,$bMaria José,$f1963-$4730$394422
801 #0 $aPT$bBN$gRPC
856 41 $uhttp://rnod.bnportugal.gov.pt/ImagesBN/winlibimg.aspx?skey=&doc=2132498&img=179909&save=true
900 ## $aBIBNAC$d20230628
966 ## $lBN$mFGMON$sR. 32294 V.$x1
966 ## $lBN$mFGMON$sR. 32294 V.-D$x1
971 ## $cfatima$d20230524
972 ## $d20230628$e0$vlrevez$z0
973 ## $ctrodrigues$d20230616

OpendataBNP@bnportugal.pt | Mais informação sobre acesso aos dados BNP